A - Things that start with the letter 'A' - Statistics

General Stats
  • This quiz has been taken 817 times
  • The average score is 11 of 20
Answer Stats
Hint Answer % Correct
The letters of a language Alphabet
88%
Has 31 days August
83%
It's capital is Montgomery Alabama
79%
Polar continent where you will find penguins Antarctica
77%
His sword was called 'Excalibur' Arthur
77%
Country whose capital is Canberra Australia
76%
The first animal in the dictionary Aardvark
75%
River with the largest waterflow Amazon
75%
Existence believed to follow death Afterlife
71%
Able to use both hands equally well Ambidextrous
71%
A straight line about which something rotates Axis
69%
Queen who reigned from 1665 to 1714 in the Kingdom of Great Britain Anne
60%
Neither vegetable nor mineral Animal
49%
State whose highest point is Magazine Mountain Arkansas
49%
Alcoholic drink made from wormwood Absinthe
35%
A store for arms and ammunition Arsenal
28%
So be it Amen
27%
Home of 'Hot Turkey Roasters.' Arby's
9%
Before the flood Antediluvian
6%
Greatness of extent Amplitude
3%
No matching quizzes found
Score Distribution
Percent of People with Each Score
Percentile by Number Answered
Your Score History
You have not taken this quiz